MESTSKÁ KNIŽNICA GIRALTOVCE  - online katalóg 

Až ťa odpočítajú (Record no. 12187)

000 -NÁVESTIE
fixed length control field 00542nam a2200193 a 4500
008 - ÚDAJE S PEVNOU DĹŽKOU – VŠEOBECNÉ INFORMÁCIE
fixed length control field 960514s1990||||[C 0 slo c
040 ## - ZDROJ KATALOGIZÁCIE
Pôvodná katalogizujúca agentúra SNK
Jazyk katalogizácie slo
Prepisujúca agentúra SNK
Konvencie popisu AACR2
041 1# - KÓD JAZYKA
Kód jazyka textu/zvukovej stopy alebo samostatných nápisov slo
044 ## - KÓD KRAJINY VYDAVATEĽA/PRODUCENTA
Kód krajiny MARC xo
Kód krajiny ISO SK
080 ## - ČÍSLO MEDZINÁRODNÉHO DESATINNÉHO TRIEDENIA (MDT)
Číslo Medzinárodného desatinného triedenia (MDT) 885.4-3(02.056.262)
020 ## - MEDZINÁRODNÉ ŠTANDARDNÉ ČÍSLO KNIHY (ISBN)
Údaje o dostupnosti 10
100 1# - OSOBNÉ MENÁ – VŠEOBECNÉ INFORMÁCIE
Osobné meno Marec, Anton
Kód roly aut
245 10 - NÁZOV
Názov Až ťa odpočítajú
Médium Slepecká tlač
Údaj o zodpovednosti atď. Anton Marec
250 ## - ÚDAJ O PORADÍ VYDANIA
Údaj o poradí vydania 1., vyd.
260 ## - VYDAVATEĽSKÉ ÚDAJE, DISTRIBÚCIA ATĎ.
Názov vydavateľa, distibútora atď. Osveta
Dátum publikovania, distribúcie atď. 1990
Miesto výroby Levoča
Výrobca Tlačiarne a knižnica pre nevidiacich
Miesto publikovania, distribúcie atď. Martin
300 ## - FYZICKÝ POPIS
Rozsah 70 s.
Rozmery 32x27 cm.
500 ## - VŠEOBECNÁ POZNÁMKA
Formátovaná poznámka o obsahu Slepecká tlač.
958 ## - Formálny deskriptor
Formálny deskriptor KST
Holdings
Stav stiahnutia (Blokovanie) (Withrawn status) Stav straty Stav poškodenia (Damaged status) Nie pre výpožičky (Not for loan) Spôsob nadobudnutia (Collection code) Trvalé umiestnenie Aktuálne umiestnenie Dátum nadobudnutia Inventárne číslo (prírastkové číslo) Full call number Dátum posledného výskytu Cena s účinnosťou od Typ jednotky Koha
        Kúpa Mestská knižnica Giraltovce Mestská knižnica Giraltovce 2019-11-29 11487 B 5613 2019-11-29 2019-11-29 Krásna literatúra pre dospelých

Powered by Koha